| 000 | 00491nam a2200181Ia 4500 | ||
|---|---|---|---|
| 008 | 131103s9999 xx 000 0 und d | ||
| 020 | _a0 449 21394 3 | ||
| 040 | _aLoreto College | ||
| 041 | _aEnglish | ||
| 082 |
_aF/REM _bLCBED/10748 |
||
| 100 | _aRemarque,Erich Maria | ||
| 245 |
_aAll quiet on the western front _cErich Maria Remarque |
||
| 260 |
_aNew York _bFawcett Crest _c1989 |
||
| 300 |
_a297 p. _c 20 cm. |
||
| 650 | _aGerman fiction | ||
| 850 | _aLCBED/F/REM | ||
| 942 | _cBK | ||
| 999 |
_c33160 _d83639 |
||